[Event "Ruhrgebiet VK1 0405"]
[Site "Ruhrgebiet"]
[Date "2005.04.10"]
[Round "9.5"]
[White "Hamburg, Daniel"]
[Black "Abicht, Hans Joachim"]
[Result "0-1"]
[WhiteElo "1895"]
[BlackElo "1722"]
[PlyCount "98"]
[EventDate "2004.09.12"]
[EventType "team"]
[EventRounds "9"]
[EventCountry "GER"]
[SourceTitle "EXT 2006"]
[Source "ChessBase"]
[SourceDate "2005.11.24"]
[SourceVersion "1"]
[SourceVersionDate "2005.11.24"]
[SourceQuality "1"]
[WhiteTeam "Gelsenkirchen II"]
[BlackTeam "Dortmund 1926"]
[WhiteTeamCountry "GER"]
[BlackTeamCountry "GER"]

1. d4 Nf6 2. Bg5 Ne4 3. Bf4 g6 4. f3 Nf6 5. e4 d6 6. c3 Bg7 7. Bd3 Nbd7 8. Ne2 e5 9. Be3 0-0 10. Qd2 d5 11. h4 dxe4 12. fxe4 c6 13. 0-0 Qc7 14. Bh6 Re8 15. Bxg7 Kxg7 16. Qc2 c5 17. Qb3 Nb6 18. Nd2 cxd4 19. cxd4 exd4 20. Qb4 Rd8 21. Nf3 a5 22. Qd2 Qe7 23. Ng3 Be6 24. Qg5 Ng8 25. Nh5+ Kh8 26. Nf4 Bc4 27. Qxe7 Nxe7 28. Ne5 Bxd3 29. Nxf7+ Kg8 30. Nxd3 Rf8 31. Nde5 Nc6 32. Rad1 Nxe5 33. Nxe5 Rxf1+ 34. Kxf1 Rd8 35. Rd3 Na4 36. Nf3 Nxb2 37. Rxd4 Rxd4 38. Nxd4 Kf7 39. Ke2 Kf6 40. Kd2 Ke5 41. Ke3 Nd1+ 42. Kd3 Nf2+ 43. Ke3 Nxe4 44. Nf3+ Kd5 45. Nd4 Nc3 46. a3 Nb1 47. Nc2 Kc4 48. Nd4 Nxa3 49. Ne6 b5 0-1

[Event "Dortmund5"]
[Site "Dortmund"]
[Date "2003.05.23"]
[Round "5"]
[White "Abicht, Hans Joachim"]
[Black "Gohla, Ulf"]
[Result "0-1"]
[WhiteElo "1806"]
[BlackElo "1964"]
[PlyCount "80"]
[EventDate "2003.03.28"]
[EventType "tourn"]
[EventRounds "11"]
[EventCountry "GER"]
[SourceTitle "EXT 2007"]
[Source "ChessBase"]
[SourceDate "2006.11.23"]
[SourceVersion "1"]
[SourceVersionDate "2006.11.23"]
[SourceQuality "1"]

1. d4 f5 2. h3 Nf6 3. g4 fxg4 4. hxg4 Nxg4 5. Qd3 Nh6 6. Bxh6 gxh6 7. Qf5 d6 8. Qh5+ Kd7 9. d5 c5 10. Nc3 a6 11. e4 Kc7 12. f4 Bg7 13. e5 Qf8 14. Nge2 Nd7 15. Bh3 Qe8 16. Qxe8 Rxe8 17. Rg1 Bh8 18. Bxd7 Bxd7 19. e6 Bb5 20. Rh1 Bg7 21. Kd2 Rg8 22. Rag1 Raf8 23. Nxb5+ axb5 24. c3 Rf5 25. Ke3 Rxd5 26. Rxh6 Bxh6 27. Rxg8 Re5+ 28. Kf3 Rxe6 29. Rh8 d5 30. Rxh7 Bf8 31. f5 Rh6 32. Rf7 Rf6 33. Rxf6 exf6 34. Nf4 Kd6 35. Kg4 Bh6 36. Ne2 Ke5 37. Kh5 Be3 38. Kg6 d4 39. cxd4+ cxd4 40. b3 b4 0-1

[Event "Dortmund5"]
[Site "Dortmund"]
[Date "2003.05.17"]
[Round "10"]
[White "Abicht, Hans Joachim"]
[Black "Prass, Marian"]
[Result "0-1"]
[WhiteElo "1806"]
[BlackElo "1940"]
[PlyCount "113"]
[EventDate "2003.03.28"]
[EventType "tourn"]
[EventRounds "11"]
[EventCountry "GER"]
[SourceTitle "EXT 2007"]
[Source "ChessBase"]
[SourceDate "2006.11.23"]
[SourceVersion "1"]
[SourceVersionDate "2006.11.23"]
[SourceQuality "1"]

1. d4 Nf6 2. c4 g6 3. Nc3 Bg7 4. e4 d6 5. h3 0-0 6. Bg5 c5 7. d5 Nbd7 8. Nf3 a6 9. Bd3 Rb8 10. a4 Qa5 11. 0-0 e5 12. Bd2 Qc7 13. Ne2 h5 14. Qc1 Re8 15. Bh6 Nf8 16. Bxg7 Kxg7 17. Ng5 N6h7 18. Nxh7 Nxh7 19. f4 f6 20. Ra3 Bd7 21. Qe1 b5 22. fxe5 Rxe5 23. axb5 axb5 24. Nf4 bxc4 25. Bxc4 Rxb2 26. Ne6+ Bxe6 27. dxe6 Ng5 28. Qa1 Qb8 29. Ra7+ Kh6 30. Ra8 Qb6 31. Rh8+ Nh7 32. Qa8 Qb7 33. Qxb7 Rxb7 34. Rd8 Rb4 35. Bd5 Ng5 36. Rxd6 Nxe4 37. Bxe4 Rbxe4 38. Rxf6 Kg5 39. e7 Rxe7 40. Rxg6+ Kf4 41. Rd5 Re1+ 42. Kh2 R7e5 43. Rxe5 Rxe5 44. g3+ Ke3 45. g4 c4 46. gxh5 Rxh5 47. Rc6 Kd3 48. Kg3 c3 49. h4 c2 50. Kg4 Rd5 51. h5 Rd4+ 52. Kg5 Rc4 53. Rxc4 Kxc4 54. h6 c1Q+ 55. Kg6 Kd5 56. Kg7 Qg5+ 57. Kh7 0-1

[Event "Dortmund5"]
[Site "Dortmund"]
[Date "2003.05.14"]
[Round "9"]
[White "Abicht, Hans Joachim"]
[Black "Grube, Joerg"]
[Result "1-0"]
[WhiteElo "1806"]
[BlackElo "1853"]
[PlyCount "138"]
[EventDate "2003.03.28"]
[EventType "tourn"]
[EventRounds "11"]
[EventCountry "GER"]
[SourceTitle "EXT 2007"]
[Source "ChessBase"]
[SourceDate "2006.11.23"]
[SourceVersion "1"]
[SourceVersionDate "2006.11.23"]
[SourceQuality "1"]

1. d4 e6 2. c4 c5 3. d5 exd5 4. Qxd5 Nf6 5. Bg5 Nxd5 6. Bxd8 Nb4 7. Bg5 Nc2+ 8. Kd2 Nxa1 9. e3 Nc6 10. Nc3 h6 11. Bf4 g5 12. Bg3 Bg7 13. Bd3 b6 14. Nge2 0-0 15. Rxa1 Bb7 16. h4 Ne5 17. hxg5 hxg5 18. Bxe5 Bxe5 19. f4 gxf4 20. exf4 Bg7 21. g4 Rad8 22. Ng3 d5 23. cxd5 Bxd5 24. Nf5 Rfe8 25. Nxd5 Rxd5 26. Kc2 Kf8 27. Bc4 Rdd8 28. Rf1 Re4 29. b3 Bd4 30. Bd3 Re6 31. Rh1 Rde8 32. Bb5 Re1 33. Rh3 R1e2+ 34. Bxe2 Rxe2+ 35. Kd3 Rxa2 36. Nxd4 cxd4 37. Kxd4 Re2 38. Rc3 Re7 39. f5 f6 40. Kd5 Kg7 41. Kd6 Re4 42. Rc7+ Kh6 43. Rxa7 Kg5 44. Rg7+ Kf4 45. Rg8 b5 46. Kc5 b4 47. Rg7 Kf3 48. Rg6 Rxg4 49. Rxf6 Ke4 50. Rb6 Kxf5 51. Rxb4 Rg3 52. Rb8 Ke6 53. b4 Kd7 54. Kb6 Rg6+ 55. Ka5 Kc7 56. Rf8 Rg2 57. Rf7+ Kb8 58. b5 Re2 59. Ka6 Rd2 60. Rf8+ Kc7 61. b6+ Kc6 62. Rc8+ Kd7 63. Rc4 Ra2+ 64. Kb7 Rb2 65. Rd4+ Ke6 66. Ka7 Ra2+ 67. Kb8 Rc2 68. b7 Rb2 69. Ra4 Rb1 1-0